[Event "Norway Chess op"]
[Site "Stavanger"]
[Date "2023.05.29"]
[Round "4"]
[White "Kleinert, Juergen"]
[Black "Verbin, Valentina"]
[Result "0-1"]
[WhiteElo "1835"]
[BlackElo "2112"]
[PlyCount "45"]
[EventDate "2023.05.27"]
[EventType "swiss"]
[EventRounds "10"]
[EventCountry "NOR"]
[SourceTitle "CBM 214 Extra"]
[Source "ChessBase"]
[SourceDate "2023.07.31"]
[SourceVersion "1"]
[SourceVersionDate "2023.07.31"]
[SourceQuality "1"]

1. e4 e6 2. d4 d5 3. Nc3 Nf6 4. e5 Nfd7 5. Nce2 c5 6. c3 Nc6 7. Be3 cxd4 8. cxd4 Bb4+ 9. Bd2 Bxd2+ 10. Qxd2 f6 11. f4 fxe5 12. fxe5 Qh4+ 13. Kd1 0-0 14. Nf3 Qe7 15. Ng3 Nb6 16. Rc1 Bd7 17. Bd3 Nb4 18. Bb1 Nc4 19. Qf2 Rac8 20. a3 Ba4+ 21. Ke1 Nxe5 22. Qe3 Rxc1+ 23. Qxc1 0-1

[Event "Norway Chess op"]
[Site "Stavanger"]
[Date "2023.05.27"]
[Round "1"]
[White "Kleinert, Juergen"]
[Black "Kvaloy, Aksel Bu"]
[Result "0-1"]
[WhiteElo "1835"]
[BlackElo "2321"]
[PlyCount "84"]
[EventDate "2023.05.27"]
[EventType "swiss"]
[EventRounds "10"]
[EventCountry "NOR"]
[SourceTitle "CBM 214 Extra"]
[Source "ChessBase"]
[SourceDate "2023.07.31"]
[SourceVersion "1"]
[SourceVersionDate "2023.07.31"]
[SourceQuality "1"]

1. e4 e5 2. Nc3 Nf6 3. f4 d5 4. fxe5 Nxe4 5. Nf3 Bc5 6. d4 Bb4 7. Bd2 c5 8. a3 Bxc3 9. bxc3 Nc6 10. Bb5 c4 11. 0-0 0-0 12. Bxc6 bxc6 13. Qe1 Rb8 14. Ra2 Bg4 15. Qe3 f6 16. exf6 Qxf6 17. Raa1 Bxf3 18. Rxf3 Qg6 19. Rxf8+ Rxf8 20. Rf1 Rxf1+ 21. Kxf1 Qh5 22. Qf4 Nxd2+ 23. Qxd2 Qxh2 24. Qg5 Qd6 25. Qc1 h6 26. Qb2 Kh7 27. a4 a5 28. Qb6 Qf4+ 29. Ke2 Qg3 30. Qxa5 Qxg2+ 31. Kd1 h5 32. Qd8 Qg4+ 33. Kc1 h4 34. Kb2 h3 35. Qd6 Qg2 36. Qe5 Kh6 37. Qd6+ g6 38. Qf4+ Kh5 39. Qe5+ Kg4 40. Qe6+ Kf3 41. Qxc6 h2 42. Qxd5+ Kf2 0-1

[Event "Reykjavik op"]
[Site "Reykjavik"]
[Date "2023.03.29"]
[Round "1"]
[White "Kleinert, Juergen"]
[Black "Smarason, Kristjan Ingi"]
[Result "1-0"]
[WhiteElo "1855"]
[BlackElo "1469"]
[PlyCount "35"]
[EventDate "2023.03.29"]
[EventType "swiss"]
[EventRounds "9"]
[EventCountry "ISL"]
[SourceTitle "CBM 213 Extra"]
[Source "ChessBase"]
[SourceDate "2023.05.31"]
[SourceVersion "1"]
[SourceVersionDate "2023.05.31"]
[SourceQuality "1"]

1. e4 c5 2. c3 d5 3. exd5 Qxd5 4. d4 g6 5. Nf3 Bg7 6. Be2 Nf6 7. c4 Qd6 8. d5 0-0 9. Nc3 e6 10. 0-0 Nbd7 11. g3 Ne8 12. Bf4 Ne5 13. Kg2 f6 14. Qb3 Qd7 15. Ng1 Nd6 16. a4 Nf5 17. Be3 Nxe3+ 18. fxe3 1-0

[Event "EU-ch Blitz"]
[Site "Katowice"]
[Date "2022.12.16"]
[Round "2"]
[White "Kleinert, Juergen"]
[Black "Stefansson, Hannes"]
[Result "0-1"]
[WhiteElo "1855"]
[BlackElo "2526"]
[PlyCount "66"]
[EventDate "2022.12.16"]
[EventType "swiss (blitz)"]
[EventRounds "22"]
[EventCountry "POL"]
[SourceTitle "CBM 211 Extra"]
[Source "ChessBase"]
[SourceDate "2023.01.31"]
[SourceVersion "1"]
[SourceVersionDate "2023.01.31"]
[SourceQuality "1"]

1. e4 d5 2. exd5 Nf6 3. d4 Nxd5 4. c4 Nb6 5. Nc3 e5 6. d5 c6 7. Nf3 Bb4 8. Bg5 f6 9. Bd2 0-0 10. Qb3 Bxc3 11. Bxc3 cxd5 12. cxd5 Qxd5 13. Qxd5+ Nxd5 14. Bc4 Be6 15. 0-0-0 Rd8 16. Rd2 Nc6 17. Rhd1 Nf4 18. Rxd8+ Rxd8 19. Bxe6+ Nxe6 20. Rxd8+ Ncxd8 21. Nd2 Kf7 22. Ne4 Nf4 23. g3 Nd5 24. Ba5 b6 25. Bd2 Ke6 26. Kc2 Nc6 27. Be3 h6 28. Nd2 f5 29. Nb3 Ncb4+ 30. Kb1 Nxe3 31. fxe3 Nd5 32. e4 fxe4 33. Kc2 Ne3+ 0-1

[Event "Reykjavik op"]
[Site "Reykjavik"]
[Date "2018.03.13"]
[Round "8"]
[White "Kleinert, Juergen"]
[Black "Hannesson, Sigurdur Orn"]
[Result "1-0"]
[WhiteElo "1887"]
[BlackElo "1623"]
[PlyCount "71"]
[EventDate "2018.03.06"]
[EventType "swiss"]
[EventRounds "9"]
[EventCountry "ISL"]
[SourceTitle "CBM 183 Extra"]
[Source "ChessBase"]
[SourceDate "2018.04.19"]
[SourceVersion "1"]
[SourceVersionDate "2018.04.19"]
[SourceQuality "1"]

1. e4 e5 2. Nc3 Nf6 3. f4 d6 4. Nf3 Nc6 5. d4 exd4 6. Nxd4 Nxd4 7. Qxd4 Be7 8. Bd2 c6 9. 0-0-0 Qb6 10. Be3 Qxd4 11. Bxd4 c5 12. Bxf6 gxf6 13. Nb5 Kd7 14. Nxd6 Bxd6 15. e5 fxe5 16. fxe5 a6 17. g3 Ke6 18. exd6 Rd8 19. Bc4+ Kd7 20. Bxf7 Rf8 21. Bh5 Kc6 22. Rhe1 Bd7 23. Re3 Rab8 24. Bf3+ Rxf3 25. Rxf3 Bg4 26. d7 Rd8 27. Rf6+ Kc7 28. Rd5 Bxd7 29. Rxc5+ Bc6 30. Rf7+ Kb6 31. Re5 h6 32. Rf6 Rh8 33. Rh5 Re8 34. Rhxh6 Ka7 35. Rxc6 bxc6 36. Rxc6 1-0

[Event "Oslo op"]
[Site "Fornebu"]
[Date "2017.10.06"]
[Round "9"]
[White "Tunsjo, Axel"]
[Black "Kleinert, Juergen"]
[Result "1-0"]
[WhiteElo "1519"]
[BlackElo "1918"]
[PlyCount "57"]
[EventDate "2017.09.29"]
[EventType "swiss"]
[EventRounds "10"]
[EventCountry "NOR"]
[SourceTitle "CBM 181 Extra"]
[Source "ChessBase"]
[SourceDate "2017.12.12"]
[SourceVersion "1"]
[SourceVersionDate "2017.12.12"]
[SourceQuality "1"]

1. e4 e5 2. Nf3 Nc6 3. Bc4 Bc5 4. 0-0 d6 5. d3 h6 6. Re1 Nge7 7. a4 a6 8. c3 0-0 9. Nbd2 Ba7 10. Nf1 Re8 11. Ng3 d5 12. exd5 Nxd5 13. a5 Nf6 14. Qb3 Re7 15. Nh4 Rb8 16. Ng6 Rd7 17. Nxe5 Nxe5 18. Rxe5 Bxf2+ 19. Kh1 Bxg3 20. hxg3 Ng4 21. Rf5 Kh8 22. Bf4 Re7 23. Rxf7 b5 24. axb6 Rxb6 25. Bxc7 Qe8 26. Qxb6 Re1+ 27. Rxe1 Qxe1+ 28. Qg1 Qe2 29. Qf1 1-0

[Event "Oslo op"]
[Site "Fornebu"]
[Date "2017.10.05"]
[Round "8"]
[White "Kleinert, Juergen"]
[Black "Grindbakken, Erik"]
[Result "0-1"]
[WhiteElo "1918"]
[BlackElo "1675"]
[PlyCount "40"]
[EventDate "2017.09.29"]
[EventType "swiss"]
[EventRounds "10"]
[EventCountry "NOR"]
[SourceTitle "CBM 181 Extra"]
[Source "ChessBase"]
[SourceDate "2017.12.12"]
[SourceVersion "1"]
[SourceVersionDate "2017.12.12"]
[SourceQuality "1"]

1. e4 e5 2. Nc3 Nf6 3. f4 d5 4. fxe5 Nxe4 5. Nf3 Bc5 6. d4 Bb4 7. Bd2 Bg4 8. Nxe4 dxe4 9. Bxb4 exf3 10. gxf3 Qh4+ 11. Ke2 Nc6 12. c3 Nxb4 13. cxb4 Bh5 14. Qd3 0-0-0 15. Rd1 Rhe8 16. Qf5+ Kb8 17. Bg2 Rxd4 18. Rhe1 Bg6 19. Qh3 Rxe5+ 20. Kf1 Bd3+ 0-1

[Event "Oslo op"]
[Site "Fornebu"]
[Date "2017.10.01"]
[Round "4"]
[White "Kleinert, Juergen"]
[Black "Mikalsen, Bengt Arne"]
[Result "1-0"]
[WhiteElo "1918"]
[BlackElo "1727"]
[PlyCount "55"]
[EventDate "2017.09.29"]
[EventType "swiss"]
[EventRounds "10"]
[EventCountry "NOR"]
[SourceTitle "CBM 181 Extra"]
[Source "ChessBase"]
[SourceDate "2017.12.12"]
[SourceVersion "1"]
[SourceVersionDate "2017.12.12"]
[SourceQuality "1"]

1. e4 e5 2. Nc3 Be7 3. Bc4 Nf6 4. f4 d6 5. Nf3 Be6 6. Bxe6 fxe6 7. fxe5 dxe5 8. Nxe5 Bc5 9. Nf3 Nc6 10. d3 Ng4 11. Bg5 Qd7 12. Bh4 Nb4 13. Qe2 Ne3 14. Rc1 0-0 15. a3 Nc6 16. Na4 Nd4 17. Nxc5 Nxe2 18. Nxd7 Nxc1 19. Nxf8 Nxg2+ 20. Kf2 Nxh4 21. Nxe6 Nxf3 22. Kxf3 Re8 23. Nf4 Rf8 24. Ke3 g5 25. Ne6 Rf6 26. Nxg5 h6 27. Nf3 Na2 28. Ra1 1-0

[Event "Oslo op"]
[Site "Fornebu"]
[Date "2017.09.30"]
[Round "3"]
[White "Kleinert, Juergen"]
[Black "Ernst, Thomas"]
[Result "0-1"]
[WhiteElo "1918"]
[BlackElo "2371"]
[PlyCount "84"]
[EventDate "2017.09.29"]
[EventType "swiss"]
[EventRounds "10"]
[EventCountry "NOR"]
[SourceTitle "CBM 181 Extra"]
[Source "ChessBase"]
[SourceDate "2017.12.12"]
[SourceVersion "1"]
[SourceVersionDate "2017.12.12"]
[SourceQuality "1"]

1. e4 c5 2. c3 d5 3. exd5 Qxd5 4. d4 Nf6 5. Nf3 e6 6. Be2 Nc6 7. 0-0 cxd4 8. cxd4 Be7 9. Nc3 Qd6 10. Nb5 Qd8 11. Bf4 Nd5 12. Bg3 a6 13. Nc3 0-0 14. Rc1 Nf6 15. a3 Nh5 16. Be5 Nxe5 17. dxe5 Nf4 18. Re1 Nxe2+ 19. Rxe2 b5 20. Rd2 Qb6 21. Qe2 Bb7 22. Rd7 Rfe8 23. Rcd1 Rad8 24. h3 Bc6 25. R7d3 Rxd3 26. Rxd3 Rd8 27. Rxd8+ Qxd8 28. Qe3 b4 29. axb4 Bxb4 30. Nd4 Bb7 31. Nc2 Bf8 32. Ne1 Qc7 33. Nd3 Qc4 34. Kh2 a5 35. Nf4 Qc5 36. Qe2 g6 37. Nd3 Qd4 38. Qc2 Ba6 39. Nc1 Qxe5+ 40. Kg1 Qe1+ 41. Kh2 Bd6+ 42. g3 Bb7 0-1

[Event "Faroes op"]
[Site "Kollafjord"]
[Date "2017.07.17"]
[Round "7"]
[White "Wiberg, Ingi"]
[Black "Kleinert, Juergen"]
[Result "0-1"]
[WhiteElo "1759"]
[BlackElo "1955"]
[PlyCount "96"]
[EventDate "2017.07.12"]
[EventType "swiss"]
[EventRounds "9"]
[EventCountry "FAI"]
[SourceTitle "EXT 2018"]
[Source "ChessBase"]
[SourceDate "2017.10.13"]
[SourceVersion "1"]
[SourceVersionDate "2017.10.13"]
[SourceQuality "1"]

1. e4 e5 2. Nf3 Nc6 3. Bb5 a6 4. Ba4 Nf6 5. 0-0 d6 6. d3 b5 7. Bb3 Na5 8. c3 Nxb3 9. axb3 c5 10. c4 Bd7 11. Nc3 b4 12. Ne2 Be7 13. Ng3 0-0 14. Ne1 Ne8 15. f4 exf4 16. Bxf4 Bf6 17. Qd2 Be5 18. Nf3 f6 19. Ne2 Qe7 20. Ra2 Nc7 21. Be3 f5 22. exf5 Bxf5 23. d4 Bf6 24. Ng3 Bg4 25. d5 Rae8 26. Bg5 Bxg5 27. Qxg5 Rxf3 28. Qxg4 Qe3+ 29. Kh1 Rxf1+ 30. Nxf1 Qe1 31. h3 Qxf1+ 32. Kh2 Qb1 33. Ra5 Qe4 34. Ra2 Qxg4 35. hxg4 Re1 36. g3 Kf7 37. Kg2 Kf6 38. Kf2 Rb1 39. Ke3 Kg5 40. Kf3 h6 41. Kg2 Kxg4 42. Kh2 Kf3 43. g4 Kxg4 44. Kg2 g5 45. Kh2 Kf3 46. Ra4 g4 47. Ra1 g3+ 48. Kh3 Rxa1 0-1

[Event "Faroes op"]
[Site "Kollafjord"]
[Date "2017.07.13"]
[Round "2"]
[White "Simonsen, Hans Kristian"]
[Black "Kleinert, Juergen"]
[Result "1-0"]
[WhiteElo "2180"]
[BlackElo "1955"]
[PlyCount "79"]
[EventDate "2017.07.12"]
[EventType "swiss"]
[EventRounds "9"]
[EventCountry "FAI"]
[SourceTitle "EXT 2018"]
[Source "ChessBase"]
[SourceDate "2017.10.13"]
[SourceVersion "1"]
[SourceVersionDate "2017.10.13"]
[SourceQuality "1"]

1. c4 c5 2. Nf3 Nc6 3. Nc3 Nf6 4. d4 cxd4 5. Nxd4 Nxd4 6. Qxd4 b6 7. e4 d6 8. Bg5 Bb7 9. Bxf6 gxf6 10. c5 Bc6 11. cxd6 e5 12. Qd5 Qxd6 13. Bb5 Qxd5 14. exd5 Bxb5 15. Nxb5 Bb4+ 16. Ke2 Ke7 17. Rac1 Bd6 18. Nxd6 Kxd6 19. Rc6+ Ke7 20. Rc7+ Kf8 21. Rhc1 Kg7 22. d6 a6 23. d7 Rad8 24. R1c6 a5 25. Kd3 Kf8 26. Rxf6 Rg8 27. g3 Rg6 28. Rxg6 hxg6 29. Rc8 Ke7 30. Rxd8 Kxd8 31. Ke4 f6 32. h4 Kxd7 33. Kd5 b5 34. g4 b4 35. h5 gxh5 36. gxh5 Ke7 37. h6 Kf7 38. h7 Kg7 39. Ke6 a4 40. h8Q+ 1-0

[Event "Faroes op"]
[Site "Kollafjord"]
[Date "2017.07.12"]
[Round "1"]
[White "Granda Zuniga, Julio E"]
[Black "Kleinert, Juergen"]
[Result "1-0"]
[WhiteElo "2656"]
[BlackElo "1955"]
[PlyCount "45"]
[EventDate "2017.07.12"]
[EventType "swiss"]
[EventRounds "9"]
[EventCountry "FAI"]
[SourceTitle "EXT 2018"]
[Source "ChessBase"]
[SourceDate "2017.10.13"]
[SourceVersion "1"]
[SourceVersionDate "2017.10.13"]
[SourceQuality "1"]

1. d4 d5 2. c3 Nf6 3. Bf4 e6 4. Nd2 c5 5. e3 Nc6 6. Bg3 cxd4 7. exd4 Bd6 8. Ngf3 Bxg3 9. hxg3 Qb6 10. Qc2 h5 11. b4 Ng4 12. Nb3 Bd7 13. Nc5 Rc8 14. Bd3 Qc7 15. Kf1 b6 16. Nxd7 Kxd7 17. Ba6 Ra8 18. Rc1 Ke7 19. Qd2 Nb8 20. Bd3 Nd7 21. Qg5+ Ndf6 22. Ne5 Kf8 23. Nxg4 1-0

[Event "Reykjavik op"]
[Site "Reykjavik"]
[Date "2016.03.16"]
[Round "10"]
[White "Kleinert, Juergen"]
[Black "Runarsson, Gunnar Freyr"]
[Result "1/2-1/2"]
[WhiteElo "1906"]
[BlackElo "2028"]
[PlyCount "67"]
[EventDate "2016.03.08"]
[EventType "swiss"]
[EventRounds "10"]
[EventCountry "ISL"]
[SourceTitle "CBM 171 Extra"]
[Source "ChessBase"]
[SourceDate "2016.04.26"]
[SourceVersion "1"]
[SourceVersionDate "2016.04.26"]
[SourceQuality "1"]

1. e4 c6 2. d4 d5 3. Nc3 dxe4 4. Nxe4 Nd7 5. c4 Ngf6 6. Nc3 e6 7. Nf3 Be7 8. Be3 0-0 9. Bd3 b6 10. 0-0 Bb7 11. h3 h6 12. Bc2 Qc7 13. Qd2 Rfd8 14. Rad1 Nf8 15. Bf4 Bd6 16. Ne5 a6 17. Qe3 c5 18. dxc5 bxc5 19. Rfe1 Qe7 20. Ne4 Nxe4 21. Bxe4 Bxe5 22. Bxe5 Bxe4 23. Qxe4 Ng6 24. Bd6 Qf6 25. b3 Rac8 26. Qb7 a5 27. Bc7 Rf8 28. Rd7 Qc3 29. Red1 Qc2 30. R1d2 Qc1+ 31. Kh2 a4 32. Rd1 Qc2 33. R1d2 Qc1 34. Rd1 1/2-1/2

[Event "Reykjavik op"]
[Site "Reykjavik"]
[Date "2016.03.14"]
[Round "8"]
[White "Kleinert, Juergen"]
[Black "Viglundsson, Bjorgvin"]
[Result "0-1"]
[WhiteElo "1906"]
[BlackElo "2164"]
[PlyCount "74"]
[EventDate "2016.03.08"]
[EventType "swiss"]
[EventRounds "10"]
[EventCountry "ISL"]
[SourceTitle "CBM 171 Extra"]
[Source "ChessBase"]
[SourceDate "2016.04.26"]
[SourceVersion "1"]
[SourceVersionDate "2016.04.26"]
[SourceQuality "1"]

1. e4 e6 2. d4 d5 3. Bd3 c5 4. c3 cxd4 5. cxd4 Nc6 6. Be3 dxe4 7. Bxe4 Nf6 8. Bf3 Nd5 9. Nc3 Nxe3 10. fxe3 Be7 11. Nge2 0-0 12. a3 Bg5 13. Qd3 Ne5 14. Qe4 Nxf3+ 15. gxf3 Bd7 16. Rg1 g6 17. Qd3 Bc6 18. f4 Bh4+ 19. Ng3 f5 20. 0-0-0 Qd7 21. Rd2 Rac8 22. Kb1 Qf7 23. Ka1 Kh8 24. Rf1 Rfd8 25. Nge2 b5 26. Ng1 Qb7 27. Qe2 a5 28. b4 axb4 29. axb4 Be7 30. Rb1 Ra8+ 31. Ra2 Rxa2+ 32. Nxa2 Bd5 33. Rb2 Ra8 34. Qd2 Ra4 35. Ne2 Bxb4 36. Qc2 Qa8 37. Nec1 Ba3 0-1

[Event "Reykjavik op"]
[Site "Reykjavik"]
[Date "2016.03.11"]
[Round "5"]
[White "Haessel, Dale R"]
[Black "Kleinert, Juergen"]
[Result "1-0"]
[WhiteElo "2212"]
[BlackElo "1906"]
[PlyCount "80"]
[EventDate "2016.03.08"]
[EventType "swiss"]
[EventRounds "10"]
[EventCountry "ISL"]
[SourceTitle "CBM 171 Extra"]
[Source "ChessBase"]
[SourceDate "2016.04.26"]
[SourceVersion "1"]
[SourceVersionDate "2016.04.26"]
[SourceQuality "1"]

1. d4 d5 2. c4 dxc4 3. e4 b5 4. a4 Bb7 5. axb5 Bxe4 6. Nc3 Bb7 7. Nf3 Nf6 8. Bxc4 e6 9. 0-0 Be7 10. Ne5 0-0 11. Be3 a6 12. Qb3 axb5 13. Nxb5 Nd5 14. Rxa8 Bxa8 15. Ra1 Nc6 16. Bxd5 exd5 17. Bf4 Nxe5 18. Bxe5 Bc6 19. Nxc7 Bd6 20. Qb6 Qxc7 21. Qxc7 Bxc7 22. Bxc7 Ra8 23. Rc1 Bb5 24. f3 Bc4 25. Kf2 Ra2 26. Rc2 Bb3 27. Re2 f6 28. Bd6 Bc4 29. Re8+ Kf7 30. Re7+ Kg6 31. Ba3 Ra1 32. Rb7 Rd1 33. Bf8 Rd2+ 34. Kg3 Bf1 35. Kf4 Rxd4+ 36. Ke3 Rd3+ 37. Kf2 Rd1 38. Rxg7+ Kf5 39. Rxh7 Bb5 40. g4+ Ke6 1-0

[Event "Stein am Rhein op 5th"]
[Site "Stein am Rhein"]
[Date "2016.01.31"]
[Round "4"]
[White "Kleinert, Juergen"]
[Black "Blum, Gernot"]
[Result "1-0"]
[WhiteElo "1911"]
[BlackElo "2050"]
[PlyCount "77"]
[EventDate "2016.01.29"]
[EventType "swiss"]
[EventRounds "5"]
[EventCountry "SUI"]
[SourceTitle "CBM 170 Extra"]
[Source "ChessBase"]
[SourceDate "2016.02.25"]
[SourceVersion "1"]
[SourceVersionDate "2016.02.25"]
[SourceQuality "1"]

1. e4 d6 2. d4 Nf6 3. Nc3 c6 4. Be2 Qc7 5. Bg5 Nbd7 6. a4 e5 7. d5 h6 8. Be3 Be7 9. a5 0-0 10. h4 cxd5 11. exd5 Nc5 12. Nb5 Qd7 13. Bxc5 dxc5 14. c4 Ne8 15. g4 a6 16. Nc3 Nd6 17. Nf3 Qxg4 18. Nxe5 Qf4 19. Nd3 Qxc4 20. Ra4 Qd4 21. Rxd4 cxd4 22. Na4 Bf5 23. Nb6 Rae8 24. Kf1 Bd8 25. Bg4 Re4 26. Bxf5 Nxf5 27. Qf3 Nd6 28. Nc5 Re7 29. Rg1 Rc7 30. Nbd7 Re8 31. Qf4 Ne4 32. Nxe4 Rxd7 33. Nf6+ Bxf6 34. Qxf6 g6 35. h5 Rc8 36. hxg6 Rc1+ 37. Kg2 Rxg1+ 38. Kxg1 fxg6 39. Qe6+ 1-0

[Event "Paleochora op 8th"]
[Site "Paleochora"]
[Date "2015.07.19"]
[Round "4"]
[White "Tsolakidou, Stavroula"]
[Black "Kleinert, Juergen"]
[Result "1-0"]
[WhiteElo "2266"]
[BlackElo "1947"]
[PlyCount "69"]
[EventDate "2015.07.17"]
[EventType "swiss"]
[EventRounds "9"]
[EventCountry "GRE"]
[SourceTitle "CBM 167 Extra"]
[Source "ChessBase"]
[SourceDate "2015.09.14"]
[SourceVersion "1"]
[SourceVersionDate "2015.09.14"]
[SourceQuality "1"]

1. d4 d5 2. c4 dxc4 3. Nf3 a6 4. e3 Bg4 5. Bxc4 e6 6. h3 Bh5 7. 0-0 Nf6 8. Be2 c5 9. dxc5 Qxd1 10. Rxd1 Bxc5 11. a3 Nc6 12. b4 Be7 13. Bb2 0-0 14. Nbd2 Rfd8 15. Rac1 Bg6 16. Nc4 Rxd1+ 17. Bxd1 Ne8 18. Nfd2 Bf6 19. Bf3 Rc8 20. Bxf6 gxf6 21. Na5 Nd6 22. Nxb7 Nxb7 23. Rxc6 Rxc6 24. Bxc6 Nd6 25. e4 Kf8 26. f4 Ke7 27. g4 f5 28. gxf5 exf5 29. e5 Nb5 30. Bxb5 axb5 31. Nb3 f6 32. Nd4 fxe5 33. fxe5 Be8 34. Nxf5+ Kd7 35. Nd4 1-0

[Event "Lugano New op-B 8th"]
[Site "Lugano"]
[Date "2015.04.05"]
[Round "5"]
[White "Budakovic, Dragan"]
[Black "Kleinert, Juergen"]
[Result "0-1"]
[WhiteElo "1916"]
[BlackElo "1931"]
[PlyCount "66"]
[EventDate "2015.04.03"]
[EventType "swiss"]
[EventRounds "6"]
[EventCountry "SUI"]
[SourceTitle "CBM 165 Extra"]
[Source "ChessBase"]
[SourceDate "2015.04.21"]
[SourceVersion "1"]
[SourceVersionDate "2015.04.21"]
[SourceQuality "1"]

1. e4 e5 2. Nf3 d5 3. exd5 Bd6 4. d3 Nf6 5. Bg5 Bg4 6. Be2 Nbd7 7. Nbd2 h6 8. Bxf6 Nxf6 9. c4 Bf5 10. 0-0 0-0 11. Re1 c6 12. dxc6 bxc6 13. Nf1 Bb4 14. N1d2 Re8 15. a3 Bd6 16. Nf1 Qc7 17. Ng3 Bh7 18. b4 c5 19. b5 Rad8 20. Qb3 e4 21. dxe4 Nxe4 22. Nxe4 Bxe4 23. h3 Re6 24. Rad1 Rde8 25. Qc3 Qe7 26. Kf1 Bf4 27. a4 f5 28. Ng1 Be5 29. Qd2 Qf6 30. Rc1 Bb2 31. a5 Bxc1 32. Rxc1 Rd8 33. Qa2 Qg5 0-1

[Event "Gibraltar Challengers-B 13th"]
[Site "Caleta"]
[Date "2015.02.02"]
[Round "3"]
[White "Musi, Dietmar"]
[Black "Kleinert, Juergen"]
[Result "1-0"]
[WhiteElo "1719"]
[BlackElo "1959"]
[PlyCount "85"]
[EventDate "2015.01.31"]
[EventType "swiss"]
[EventRounds "5"]
[EventCountry "GGB"]
[SourceTitle "CBM 164 Extra"]
[Source "ChessBase"]
[SourceDate "2015.03.02"]
[SourceVersion "1"]
[SourceVersionDate "2015.03.02"]
[SourceQuality "1"]

1. e4 b6 2. d4 Bb7 3. Bd3 e6 4. Nf3 g6 5. 0-0 Bg7 6. Re1 d6 7. Nbd2 Ne7 8. Nf1 Nd7 9. c3 0-0 10. Bg5 h6 11. Be3 Kh7 12. h4 e5 13. d5 f5 14. h5 f4 15. hxg6+ Nxg6 16. Bd2 Bf6 17. N3h2 Bg5 18. Be2 Nf6 19. Bg4 Bc8 20. Rc1 Kg7 21. c4 a5 22. Rc3 Rh8 23. Bxc8 Qxc8 24. Bc1 Qd7 25. Nd2 Rag8 26. a3 a4 27. Rh3 Kf8 28. Nb1 Ke7 29. Nc3 Ra8 30. Na2 Kd8 31. Nb4 Ne7 32. Nf3 Qg4 33. Qd3 h5 34. Nxe5 dxe5 35. d6 cxd6 36. Nc6+ Nxc6 37. Qxd6+ Nd7 38. Qxc6 Rh6 39. Qxh6 Qxh3 40. Qh8+ Kc7 41. Qxa8 Kd6 42. Rd1+ Ke7 43. Qb7 1-0

[Event "Gibraltar Challengers-B 13th"]
[Site "Caleta"]
[Date "2015.01.31"]
[Round "1"]
[White "Gomez Calle, Jose Antonio"]
[Black "Kleinert, Juergen"]
[Result "1-0"]
[WhiteElo "2150"]
[BlackElo "1959"]
[PlyCount "55"]
[EventDate "2015.01.31"]
[EventType "swiss"]
[EventRounds "5"]
[EventCountry "GGB"]
[SourceTitle "CBM 164 Extra"]
[Source "ChessBase"]
[SourceDate "2015.03.02"]
[SourceVersion "1"]
[SourceVersionDate "2015.03.02"]
[SourceQuality "1"]

1. e4 b6 2. d4 Bb7 3. Nd2 e6 4. Ngf3 g6 5. Bd3 Bg7 6. 0-0 d6 7. Nb3 Nd7 8. Re1 c5 9. dxc5 dxc5 10. c3 a6 11. Bf4 Rc8 12. Bc2 e5 13. Bg3 Qc7 14. Nbd2 c4 15. b3 b5 16. bxc4 bxc4 17. Rb1 Rd8 18. Qe2 Ne7 19. Qxc4 Nc6 20. Bh4 Bf6 21. Bxf6 Nxf6 22. Qc5 Nd7 23. Qa3 Na7 24. Nc4 Nc5 25. Ncxe5 0-0 26. c4 Rde8 27. Qb2 Nc6 28. Ng4 1-0

[Event "EU-ch 15th"]
[Site "Yerevan"]
[Date "2014.03.06"]
[Round "4"]
[White "Kleinert, Juergen"]
[Black "Hakobyan, Hovhannes H"]
[Result "0-1"]
[WhiteElo "2000"]
[BlackElo "1869"]
[PlyCount "66"]
[EventDate "2014.03.03"]
[EventType "swiss"]
[EventRounds "11"]
[EventCountry "ARM"]
[SourceTitle "CBM 160"]
[Source "ChessBase"]
[SourceDate "2014.05.15"]
[SourceVersion "1"]
[SourceVersionDate "2014.05.15"]
[SourceQuality "1"]

1. e4 e6 2. d4 d5 3. Bd3 dxe4 4. Bxe4 Nf6 5. Bf3 c5 6. c3 Nc6 7. Ne2 cxd4 8. cxd4 Bb4+ 9. Nbc3 0-0 10. 0-0 h6 11. Qb3 Bd6 12. g3 e5 13. d5 Na5 14. Qc2 Bd7 15. Qd3 Rc8 16. b3 b5 17. Bb2 Nb7 18. Bg2 Nc5 19. Qd2 b4 20. Nd1 Nfe4 21. Qxb4 a5 22. Qc4 Nd2 23. Qc2 Nxf1 24. Kxf1 a4 25. Nec3 axb3 26. axb3 Qb6 27. Ne3 Nxb3 28. Rb1 Nd4 29. Qd1 Qa6+ 30. Kg1 Rxc3 31. Bxc3 Ne2+ 32. Kh1 Nxc3 33. Qf1 Bb5 0-1

[Event "Reykjavik op"]
[Site "Reykjavik"]
[Date "2013.02.26"]
[Round "9"]
[White "Karason, Askell Orn"]
[Black "Kleinert, Juergen"]
[Result "1-0"]
[WhiteElo "2235"]
[BlackElo "1991"]
[PlyCount "45"]
[EventDate "2013.02.19"]
[EventType "swiss"]
[EventRounds "10"]
[EventCountry "ISL"]
[SourceTitle "CBM 153 Extra"]
[Source "ChessBase"]
[SourceDate "2013.04.22"]
[SourceVersion "1"]
[SourceVersionDate "2013.04.22"]
[SourceQuality "1"]

1. d4 d5 2. c4 dxc4 3. e4 b5 4. a4 Bb7 5. Nc3 b4 6. Bxc4 e6 7. Qb3 Qc8 8. d5 bxc3 9. dxe6 f6 10. e7 Nxe7 11. Bf7+ Kd8 12. Bf4 Ng6 13. 0-0-0+ Bd6 14. Bxd6 cxd6 15. Rxd6+ Kc7 16. Rd3 cxb2+ 17. Kxb2 Bxe4 18. Qc4+ Bc6 19. Bxg6 hxg6 20. Qf4+ Kb6 21. Rb3+ Kc5 22. Ne2 Qf5 23. Qd4# 1-0

[Event "Reykjavik op"]
[Site "Reykjavik"]
[Date "2013.02.25"]
[Round "8"]
[White "Kleinert, Juergen"]
[Black "Jonsson, Olafur Gisli"]
[Result "1-0"]
[WhiteElo "1991"]
[BlackElo "1870"]
[PlyCount "51"]
[EventDate "2013.02.19"]
[EventType "swiss"]
[EventRounds "10"]
[EventCountry "ISL"]
[SourceTitle "CBM 153 Extra"]
[Source "ChessBase"]
[SourceDate "2013.04.22"]
[SourceVersion "1"]
[SourceVersionDate "2013.04.22"]
[SourceQuality "1"]

1. e4 e5 2. Nc3 Nf6 3. f4 d5 4. fxe5 Nxe4 5. Nf3 Nc6 6. d3 Nxc3 7. bxc3 Be7 8. d4 0-0 9. Bd3 f6 10. exf6 Bxf6 11. 0-0 Bg4 12. Qe1 Re8 13. Qg3 Bxf3 14. Qxf3 Nxd4 15. Qh5 g6 16. Bxg6 Ne2+ 17. Kh1 hxg6 18. Qxg6+ Bg7 19. Rf7 Ng3+ 20. hxg3 Re1+ 21. Kh2 Qf8 22. Rxf8+ Rxf8 23. Bh6 Re7 24. Bxg7 Rxg7 25. Qe6+ Kh8 26. Rb1 1-0